| 000 | 00390nam a22001457a 4500 | ||
|---|---|---|---|
| 005 | 20150425115505.0 | ||
| 008 | 150425b xxu||||| |||| 00| 0 eng d | ||
| 040 | _cPK-LaUMT | ||
| 082 |
_aKHC 954.0359 _bJWA-T |
||
| 100 | _aجواہرلال نہرو | ||
| 245 |
_aتلاش ہند _cجواہرلال نہرو |
||
| 260 |
_aلاہور _bتخلیقات _c1992 |
||
| 300 | _a740 ص | ||
| 942 | _cBK | ||
| 999 |
_c70399 _d70399 |
||